000 013320000a22003370004500
003 EG-GICUC
005 20250223030752.0
008 070113s2004 ua de f m 000 0 eng d
040 _aEG-GICUC
_beng
_cEG-GICUC
041 0 _aEng
049 _aDeposite
097 _aM.Sc
099 _aCai01.13.04.M.Sc.2004.He.S
100 0 _aHeba Ahmed Hani Ali Abdo
245 1 0 _aSimulation and optimization of zeolite production schemes for water treatment /
_cHeba Ahmed Hani Ali Abdo ; Supervised Mohamed Fahmy Moustafa Fahmy , Shadia Ragheb Tewfik
246 1 5 _aالمحاكاة والامثلية لنظم انتاج الزيوليت للاستخدام فى معالجة المياه
260 _aCairo :
_bHeba Ahmed Hani Ali Abdo ,
_c2004
300 _a163P :
_bcharts , plans ;
_c30cm
502 _aThesis (M.Sc.) - Cairo University - Faculty Of Engineering - Department Of Chemical Engineering
530 _aIssued also as CD
653 4 _aChemical Engineering
653 4 _aSimulation and optimization
653 4 _aWater treatment
653 4 _aZeolite production schemes
700 0 _aMohamed Fahmy Moustafa Fahmy ,
_eSupervisor
700 0 _aShadia Ragheb Tewfik ,
_eSupervisor
856 _uhttp://172.23.153.220/th.pdf
905 _aEnas
_ecataloger
905 _aMustafa
_eRevisor
942 _2ddc
_cTH
999 _c41522
_d41522